Spell the Marvel Character #153 - Statistics

General Stats
  • This quiz has been taken 14 times
  • The average score is 9 of 10
Answer Stats
Picture Answer % Correct
Ant-Man
100%
Beta-Ray Bill
100%
Luke Cage
100%
Thing
100%
Beast
92%
Black Bolt
92%
Lockjaw
92%
Okoye
92%
Charlie-27
58%
Krugarr
42%
No matching quizzes found
Score Distribution
Percent of People with Each Score
Percentile by Number Answered
Your Score History
You have not taken this quiz